名字中含有重复的字的县级行政区 - Statistics

General Stats
  • This quiz has been taken 23 times
  • The average score is 18 of 41
Answer Stats
省级行政区 地级行政区 县级行政区 % Correct
河北省 邯郸市 峰峰矿区
79%
黑龙江省 齐齐哈尔市 昂昂溪区
68%
河北省 承德市 围场满族蒙古族自治县
58%
内蒙古自治区 赤峰市 克什克腾旗
58%
重庆市 (直辖) 酉阳土家族苗族自治县
58%
甘肃省 临夏回族自治州 积石山保安族东乡族撒拉族自治县
58%
内蒙古自治区 呼伦贝尔市 莫力达瓦达斡尔族自治旗
53%
湖南省 常德市 津市市
53%
广东省 清远市 连山壮族瑶族自治县
53%
海南省 (直辖) 保亭黎族苗族自治县
53%
海南省 (直辖) 琼中黎族苗族自治县
53%
云南省 大理白族自治州 巍山彝族回族自治县
53%
甘肃省 酒泉市 阿克塞哈萨克族自治县
53%
青海省 西宁市 大通回族土族自治县
53%
新疆维吾尔自治区 喀什地区 塔什库尔干塔吉克自治县
53%
内蒙古自治区 呼和浩特市 托克托县
47%
重庆市 (直辖) 秀山土家族苗族自治县
47%
重庆市 (直辖) 彭水苗族土家族自治县
47%
云南省 玉溪市 元江哈尼族彝族傣族自治县
47%
贵州省 遵义市 道真仡佬族苗族自治县
42%
贵州省 安顺市 紫云苗族布依族自治县
42%
云南省 普洱市 镇沅彝族哈尼族拉祜族自治县
42%
云南省 普洱市 江城哈尼族彝族自治县
42%
云南省 临沧市 双江拉祜族佤族布朗族傣族自治县
42%
云南省 红河哈尼族彝族自治州 金平苗族瑶族傣族自治县
42%
云南省 怒江傈僳族自治州 兰坪白族普米族自治县
42%
青海省 海东市 民和回族土族自治县
42%
贵州省 遵义市 务川仡佬族苗族自治县
37%
贵州省 毕节市 威宁彝族回族苗族自治县
37%
云南省 昆明市 禄劝彝族苗族自治县
37%
云南省 普洱市 宁洱哈尼族彝族自治县
37%
云南省 普洱市 景谷傣族彝族自治县
37%
云南省 普洱市 孟连傣族拉祜族佤族自治县
37%
云南省 怒江傈僳族自治州 贡山独龙族怒族自治县
37%
湖南省 怀化市 靖州苗族侗族自治县
32%
贵州省 安顺市 镇宁布依族苗族自治县
32%
贵州省 铜仁市 印江土家族苗族自治县
32%
云南省 昆明市 寻甸回族彝族自治县
32%
贵州省 安顺市 关岭布依族苗族自治县
26%
云南省 玉溪市 新平彝族傣族自治县
26%
云南省 临沧市 耿马傣族佤族自治县
26%
No matching quizzes found
Score Distribution
Percent of People with Each Score
Percentile by Number Answered
Your Score History
You have not taken this quiz